000 00443nam a22001937a 4500
003 MPLRDC
005 20220104144001.0
008 210129b ||||| |||| 00| 0 eng d
020 _a957-607-364-2
082 _a411.1 JSH-4
100 _a姜淑惠
245 _a这样吃最健康
_c
250 _a初版
260 _a
_b圆神
_c1999
300 _b
490 _a健康之道. 2
650 _a健康法
942 _cBK
_o411.1 JSH-4
999 _c45246
_d45236